<?xml version="1.0" encoding="UTF-8"?>
<marc:record xmlns:marc="http://www.loc.gov/MARC21/slim">
   <marc:leader>00000nam a2200000 a 4500</marc:leader>
   <marc:datafield ind1="1" ind2=" " tag="100">
      <marc:subfield code="a">Parzefall, Edith</marc:subfield>
      <marc:subfield code="4">aut</marc:subfield>
      <marc:subfield code="e">Verfasser/-in</marc:subfield>
   </marc:datafield>
   <marc:datafield ind1=" " ind2=" " tag="653">
      <marc:subfield code="a">Rio de Janeiro</marc:subfield>
   </marc:datafield>
   <marc:datafield ind1=" " ind2=" " tag="653">
      <marc:subfield code="a">Straßenkinder</marc:subfield>
   </marc:datafield>
   <marc:datafield ind1=" " ind2=" " tag="653">
      <marc:subfield code="a">Selbstjustiz</marc:subfield>
   </marc:datafield>
   <marc:datafield ind1=" " ind2=" " tag="653">
      <marc:subfield code="a">Drogengang</marc:subfield>
   </marc:datafield>
   <marc:datafield ind1=" " ind2=" " tag="653">
      <marc:subfield code="a">Favela</marc:subfield>
   </marc:datafield>
   <marc:datafield ind1=" " ind2=" " tag="653">
      <marc:subfield code="a">Krimis</marc:subfield>
   </marc:datafield>
   <marc:datafield ind1=" " ind2=" " tag="653">
      <marc:subfield code="a">Thriller</marc:subfield>
   </marc:datafield>
   <marc:datafield ind1=" " ind2=" " tag="653">
      <marc:subfield code="a">Spionage</marc:subfield>
   </marc:datafield>
   <marc:datafield ind1="0" ind2="0" tag="245">
      <marc:subfield code="a">Die Streuner von Rio</marc:subfield>
   </marc:datafield>
   <marc:datafield ind1="0" ind2="0" tag="245">
      <marc:subfield code="b">Thriller</marc:subfield>
   </marc:datafield>
   <marc:datafield ind1="0" ind2="0" tag="245">
      <marc:subfield code="c">Edith Parzefall</marc:subfield>
   </marc:datafield>
   <marc:datafield ind1=" " ind2="1" tag="264">
      <marc:subfield code="a">Norderstedt</marc:subfield>
      <marc:subfield code="b">Books on Demand</marc:subfield>
      <marc:subfield code="c">2015</marc:subfield>
   </marc:datafield>
   <marc:datafield ind1="1" ind2=" " tag="520">
      <marc:subfield code="a">Angaben aus der Verlagsmeldung

Die Streuner von Rio : Thriller / von Edith Parzefall

Todesschwadronen, Drogenbanden, Straßenkinder und eine Frau, die an Selbstjustiz glaubt: eine explosive Mischung in den Straßen von Rio de Janeiro.

Lisa Kerry wird Zeugin eines grausamen Anschlags auf Straßenkinder. Da sich die Polizei weniger für die Identität der Verbrecher interessiert als dafür, was die Streuner in der Nähe ihrer Buchhandlung in Copacabana zu suchen hatten, beschließt Lisa, die Mörder selbst zur Strecke zu bringen. Doch dazu muss sie Tony aus der Schusslinie halten, den Mann, der durch seine Liebe zu ihr die Dämonen ihrer Vergangenheit in einer Jugendstrafanstalt austreiben könnte. Lisas Streben nach Gerechtigkeit mündet in eine Spirale der Gewalt.

Ein spannender Thriller an einem exotischen Schauplatz, der auch die facettenreichen sozialen Probleme in den Straßen Rio de Janeiros beleuchtet.

Die Ebook-Ausgabe der Streuner von Rio ist bei Droemer Knaur erschienen. Die englische Ausgabe "Strays of Rio" gewann den Global Ebook Bronze Award in der Kategorie Thriller 2013.
</marc:subfield>
   </marc:datafield>
   <marc:datafield ind1=" " ind2=" " tag="020">
      <marc:subfield code="a">9783738603286</marc:subfield>
      <marc:subfield code="9">9783738603286</marc:subfield>
   </marc:datafield>
   <marc:datafield ind1=" " ind2=" " tag="041">
      <marc:subfield code="a">ger</marc:subfield>
   </marc:datafield>
   <marc:datafield ind1=" " ind2=" " tag="300">
      <marc:subfield code="a">Online-Ressource</marc:subfield>
   </marc:datafield>
</marc:record>
